000 00754nam a22002537a 4500
001 BR9300217
003 BR-BrBNA
005 20230928093802.0
007 ta
008 230509b bl.||||| |||| 00| 0 por d
040 _aBR-BrBNA
_bpor
_cBiblioteca Nacional de Agricultura
041 _a(Por)
072 _aE14; F06
_b1410
090 _ 1410 BR9300217
110 1 _aSecretaria Nacional de Producao Agropecuaria, Brasilia, DF (Brasil). Secretaria de Producao Vegetal
_99238
245 1 _aPrograma nacional de producao de feijao em areas irrigadas
260 3 _aBrasilia, DF (Brasil):
_c1986.
300 _a14 p.
650 _aFeijao
650 _aIrrigacao
650 _aProjeto Agricola
909 _a202309
_bLucia
_c55
_dLucia Elande
942 _cBK
999 _c47097
_d47097